Flood insurance study. Walker County, Georgia, unincorporated areas.

Bibliographic Details
Format: Government Document Book
Language:English
Published: [Washington, D.C.] : U.S. Department of Housing & Urban Development, Federal Insurance Administration, [1979]
Subjects:
Online Access:Available online at HathiTrust:

MARC

Tag First Indicator Second Indicator Subfields
LEADER 00000cam a2200000 i 4500
001 in00000802147
005 20180518120540.0
008 790920s1979 dcuabf b f000 0 eng c
035 |a (OCoLC)ocm05425757 
040 |a GPO  |b eng  |e rda  |c GPO  |d OCLCQ  |d OCLCF  |d OCLCQ  |d OCLCO  |d GKJ  |d TXA 
035 |a (OCoLC)5425757 
037 |b 20410 
042 |a pcc 
043 |a n-us-ga 
050 1 4 |a HG9983.35.G4  |b 34 1979 
050 4 |a GB1399.2 
074 |a 594-C-12 
086 0 |a HH 10.9:W 15/6 
049 |a TXAM 
245 0 0 |a Flood insurance study.  |p Walker County, Georgia, unincorporated areas. 
246 3 0 |a Walker County, Georgia, unincoporated area 
264 1 |a [Washington, D.C.] :  |b U.S. Department of Housing & Urban Development, Federal Insurance Administration,  |c [1979] 
300 |a iii, 29 pages, 20 folded leaves of plates :  |b illustrations, map ;  |c 28 cm 
336 |a text  |b txt  |2 rdacontent 
337 |a unmediated  |b n  |2 rdamedia 
338 |a volume  |b nc  |2 rdacarrier 
500 |a Title from cover. 
500 |a "March 1979." 
500 |a Location map on cover. 
504 |a Includes bibliographical references (pages 27-29). 
650 0 |a Flood forecasting  |z Georgia  |z Walker County. 
650 0 |a Flood insurance  |z Georgia  |z Walker County. 
650 7 |a Flood insurance.  |2 fast  |0 (OCoLC)fst01715819 
651 0 |a Walker County (Ga.) 
651 7 |a Georgia  |z Walker County.  |2 fast  |0 (OCoLC)fst01217119 
655 7 |a Technical reports.  |2 lcgft 
710 1 |a United States.  |b Federal Insurance Administration,  |e issuing body. 
856 4 1 |z Available online at HathiTrust:  |u http://hdl.handle.net/2027/txa.ark:/81423/m3xn0n  |t 0 
949 |a updated  |b h  |c 2018/5/18  |e spoltoratski  |f 12:05:35 pm 
994 |a C0  |b TXA 
999 f f |s 0a546fe5-911f-3048-85e9-671365554abd  |i fbb7468b-ec30-3d02-8f09-cba50dc5636a  |t 0 
952 f f |a Texas A&M University  |b College Station  |c Electronic Resources  |d Available Online  |t 0  |e HH 10.9:W 15/6  |g Electronic  |h Superintendent of Documents classification 
998 f f |a HH 10.9:W 15/6  |t 0  |l Available Online